000 00847nam a2200217Ia 4500
003 OSt
005 20200903102942.0
008 191128s1998 waua gr 000 0 spa d
020 _a821342975
040 _aCO-JMCR
_cCO-JMCR
041 0 _aspa
082 0 4 _a376.39 /
_bW671p
_223
110 1 _aThe World Bank
_99685
245 1 0 _aPublic Expenditure Management Handbook /
_cThe World Bank
260 _aWashington :
_bThe International Bank for Reconstruction,
_c1998.
300 _a177 páginas :
_bdiagramas a blanco y negro ;
_c28 cm.
505 0 _aDevelopments in budget practice -- Linking policy, planing and budgetary outcomes -- Linking policy, planning and budgeting in a medium-term framework -- Financial management information systems
650 1 4 _aLinking policy
_99686
650 2 4 _aPlanning and budgeting
_99687
942 _2ddc
_cBK
999 _c6017
_d6017